000 00597nam a22002297a 4500
001 87790
003 UA-OsUOA
005 20211108223847.0
007 ta
008 20120925b un ||||| |||| 00| 0 ukr d
040 _aUA-OsUOA
_brus
_cUA-OsUOA
_dUA-OsUOA
041 _arus
080 _a94(47+571)
090 _a94(47+571)
_bО-65
100 _aОрешкова С. Ф.
245 _aРусско-турецкие отношения в начале ХVIII в.
260 _aМ.
_bНаука
_c1971
300 _a206 с.
650 7 _a94 Історія
_2UDC
942 _cBK
_2udc
955 _a4
999 _c374091
_d374091